00748nam a22002057a 450000500170000001000150001702000110003203500130004303700130005608200100006910000300007924500790010926000370018827000820022530000290030750000400033694200240037699900170040095201250041720100823123651.0 aENG-101340 c170.00 aEN-84873 bDBAD/PUB a808.9 aRay, Nalini Ranjan917211 aKoch rajbanshi and Kamtapuri :bthe truth unveiled /cby Nalini Ranjan Ray aGuwahatibVicky Publishersc2007 a4th Floor, Saraswati Apartments, Chilaraj Nagar, BhangagarhbGuwahatie781005 a245 p. :c24cm (Hb)bill aIncludes bibliographical references 2ddccENh808.9mRAY c43018d43018 001040718NFICaDBADbDBADd2010-08-23g170.00l0o808.9 RAYpEN-84873r2010-08-23 00:00:00t1v170.00w2010-08-23yEN